000 00722 a2200217 4500
999 _c183117
_d183117
005 20211216160924.0
010 _aENG-130382
020 _c795.0000
_a978-93-89211-63-4
035 _aEN-113914
037 _bDBAD / PUB
082 _a005.74
100 _aSubramanian, Chandramouli
245 _aBlockchain Technology:
_cChandramoiuli Subramanian, Asha A George, Abhilash K A and Meena Karhikeyan
260 _bUniversities Press (India) Pvt. Ltd
_aHyderabad
_c2021
270 _bHyderabad
_a3-6-747/1A&3-6-754/1, Himayatnagar
_e500029
300 _a672p.
_c24cm (pbk)
700 _aAsha A George
700 _aAbhilash K A
700 _aMeena Karthikeyan
942 _adpl
_cEN
_2ddc
_h005.74
_mSUB